BUBT Library Online Catalog

Operations Research/An Introduction (Record no. 6404)

000 -LEADER
fixed length control field 00570nam a22002057a 4500
003 - CONTROL NUMBER IDENTIFIER
control field BUBTL
008 - FIXED-LENGTH DATA ELEMENTS--GENERAL INFORMATION
fixed length control field 201029b xxu||||| |||| 00| 0 eng d
020 ## - INTERNATIONAL STANDARD BOOK NUMBER
International Standard Book Number 81-317-0515-3
082 ## - DEWEY DECIMAL CLASSIFICATION NUMBER
Classification number 658.4034/TAO
100 ## - MAIN ENTRY--PERSONAL NAME
Personal name Taha, Hamdy A.
9 (RLIN) 3656
245 ## - TITLE STATEMENT
Title Operations Research/An Introduction
Remainder of title Hamdy A. Taha
250 ## - EDITION STATEMENT
Edition statement 8th
260 ## - PUBLICATION, DISTRIBUTION, ETC. (IMPRINT)
Place of publication, distribution, etc. India
Name of publisher, distributor, etc. Pearson Prentice Hall
Date of publication, distribution, etc. c2007
300 ## - PHYSICAL DESCRIPTION
Extent 833p . :
Other physical details ill . Table ; 24cm.
500 ## - GENERAL NOTE
General note Includes Index
650 ## - SUBJECT ADDED ENTRY--TOPICAL TERM
Topical term or geographic name as entry element Mathematics
9 (RLIN) 3657
856 ## - ELECTRONIC LOCATION AND ACCESS
Password 0
Logon 0
Link text Download
942 ## - ADDED ENTRY ELEMENTS (KOHA)
Source of classification or shelving scheme
Koha item type Books
Holdings
Withdrawn status Lost status Source of classification or shelving scheme Damaged status Not for loan Collection code Permanent location Current location Shelving location Date acquired Inventory number Total Checkouts Full call number Barcode Date last seen Copy number Price effective from Koha item type
        Not For Loan Non-fiction Bangladesh University of Business and Technology Library Bangladesh University of Business and Technology Library Mathematics Stacks 10/29/2020 5501   658.4034/TAO BUBTL-20035501 10/29/2020 C-1 10/29/2020 Books
        Not For Loan Non-fiction Bangladesh University of Business and Technology Library Bangladesh University of Business and Technology Library Mathematics Stacks 10/29/2020 5620   658.4034/TAO BUBTL-20035620 10/29/2020 C-2 10/29/2020 Books

More Information About Library

Library Hours

  • Open: 9.00 am. to 9.00 pm.
  • Only Sunday: 9.00 am. to 6.00 pm.
  • Closed: Holiday

Contact to the University

Bangladesh University of Business and Technology Library

  • Mirpurl-2, 1216.
  • Phone:
  • Fax:
  • E-Mail: admin.library@bubt.edu.bd

Contact to the Library

Contact Person:

Md. Abdul Hakim Shah
Joint Librarian
PABX No:  113
Cell No: 01816332931
E-mail: official: admin.library@bubt.edu.bd
Personal: hakim.shah@bubt.edu.bd


BUBT Library

Copyright © 2021